| 000 | 01288nam a2200217Ia 4500 | ||
|---|---|---|---|
| 003 | Ost | ||
| 005 | 20260507074959.0 | ||
| 008 | 260507s9999||||xx |||||||||||||| ||und|| | ||
| 040 | _cfsecg | ||
| 041 | _aara | ||
| 082 | _a330 | ||
| 100 |
_aعباس، حيان ابراهيم _eمؤلف |
||
| 245 | 0 |
_aتفسير المصطلحات التجارية الدولية : _bحسب قوانين غرفة التجارة الدولية / _c حيان ابراهيم عباس |
|
| 260 |
_aدمشق: _bدار الجندي للنشر والتوزيع, _c2000 |
||
| 300 |
_a135 صفحة؛ _bإيضاحات ؛ _c24 سم |
||
| 504 | _aالملاحق:ص.133-135 | ||
| 520 | _aالتسليم أرض المصنع،تسليم الناقل،التسليم بجانب السفينة،التسليم ظهر السفينة،التكلفة وأجور الشحن،التكلفة-التأمين-أجور الشحن،أجور النقل مدفوعة حتى،أجور النقل والتأمين مدفوعة حتى،استلام الحدود،الاستلام أرض السفينة،الاستلام رصيف الميناء،الاستلام غير مدفوع الرسوم،الاستلام مدفوع الرسوم | ||
| 653 | _aالتجارة الخارجية | ||
| 653 | _aمصطلحات | ||
| 942 | _cكتاب | ||
| 999 |
_c42056 _d42056 |
||